| 000 | 00467cam a2200181ua 4500 | ||
|---|---|---|---|
| 020 | _c15 | ||
| 041 |
_aeng _h |
||
| 082 |
_a330.1543 _bYAM/MA |
||
| 100 | _aYamane, Taro . | ||
| 245 |
_aMathematics for economists:An elementary survey / _cTaro Yamane. _hTextual Documents |
||
| 250 |
_a1 / _b. |
||
| 260 |
_aNew Delhi : _bPrentice Hall of India Pvt Ltd. , _c1965. |
||
| 300 | _a554 ; . | ||
| 365 | _a15 | ||
| 504 | _a | ||
| 942 | _cBK | ||
| 999 |
_c11421 _d11421 |
||